书目信息 |
| 题名: |
怎样用虚词
|
|
| 作者: | 顾巴彦 编写 | |
| 分册: | ||
| 出版信息: | 上海 上海教育出版社 1961.11 |
|
| 页数: | 68页 | |
| 开本: | 19cm | |
| 丛书名: | ||
| 单 册: | ||
| 中图分类: | H146.2 | |
| 科图分类: | ||
| 主题词: | ||
| 电子资源: | ||
| ISBN: | ||
| 000 | 00510nam0 2200193 45 | |
| 001 | 0212111660 | |
| 005 | 20040425112643.3 | |
| 010 | @dCNY0.16 | |
| 091 | @a7150.1236 | |
| 100 | @a20021211d1961 km y0chiy0120 ea | |
| 101 | 0 | @achi |
| 105 | @a z 000yy | |
| 200 | 1 | @a怎样用虚词@AZen Yang Yong Xu Ci@f顾巴彦编写@FGu Ba Yan Bian Xie |
| 210 | @a上海@c上海教育出版社@d1961.11 | |
| 215 | @a68页@d19cm | |
| 690 | @aH146.2 | |
| 701 | 0 | @a顾巴彦@4编写 |
| 801 | @aCN@bTSTC@c20030319 | |
| 905 | @dH146.2@e107@f1@b169669 | |
| 怎样用虚词/顾巴彦编写.-上海:上海教育出版社,1961.11 |
| 68页;19cm |
| ISBN :CNY0.16 |
| ● |
| 相关链接 |
|
|
|
|
正题名:怎样用虚词
索取号:H146.2/107
 
预约/预借
| 序号 | 登录号 | 条形码 | 馆藏地/架位号 | 状态 | 备注 |
| 1 | 0169668 | 000860189 | 第二样本阅览室/ [索取号:H146.2/107] | 在馆 | |
| 2 | 0169669 | 000860170 | 第四借阅区/ [索取号:H146.2/107] | 在馆 |